000 00675nam a2200217 i 4500
001 105779
003 ES-MaACL
007 t|
008 060828s1965 ag ||||1| spa d
080 _a821.134.2(82)-31"19"
100 1 _aGuido, Beatriz.
_960657
245 1 3 _aEl incendio y las vísperas
_b: 17 de octubre de 1952 - 15 de abril de 1953 /
_cBeatriz Guido.
250 _a11ª ed.
260 _aBuenos Aires :
_bLosada,
_c1965.
300 _a175 p. ;
_c20 cm.
490 1 _aNovelistas de nuestra época
500 _aBiblioteca Juan Andrade.
830 0 _aNovelistas de nuestra época
_9181054
852 _aES-MaACL
_jAND-599
_bR.109897
999 _c105779
_d105779